000 00476nam a2200193Ia 4500
005 20240823010255.0
008 240823s9999||||xx |||||||||||||| ||und||
041 _aENGLISH
082 _A005.133 N9
100 _a"McCarty,Bill"
245 0 _aJava Distributed Objects
250 _a1st
260 _c1999
_b"Techmedia,New Delhi"
500 _aTRANSFERED
650 _aJAVA
_bInformation Technology
700 _a" Dorion,Luke Cassady"
942 _cBK
999 _c158140
_d158140